La España ausente / (Record no. 60040)

MARC details
000 -LEADER
campo de control de longitud fija 00443nam a2200157 i 4500
001 - NÚMERO DE CONTROL
campo de control 60040
003 - IDENTIFICADOR DE NÚMERO DE CONTROL
campo de control ES-MaACL
005 - FECHA Y HORA DE LA ÚLTIMA TRANSACCIÓN
campo de control 20230906164139.0
007 - CAMPO FIJO DE DESCRIPCIÓN FÍSICA--INFORMACIÓN GENERAL
campo de control de longitud fija t|
008 - DATOS DE LONGITUD FIJA--INFORMACIÓN GENERAL
campo de control de longitud fija 031103s1973 sp ||||1| spa d
245 03 - MENCIÓN DEL TÍTULO
Título La España ausente /
Mención de responsabilidad, etc. Juan Gómez Casas ... [et al.].
260 ## - PUBLICACIÓN, DISTRIBUCIÓN, ETC.
Lugar de publicación, distribución, etc. [Madrid] :
Nombre del editor, distribuidor, etc. Ediciones 99,
Fecha de publicación, distribución, etc. [1973]
300 ## - DESCRIPCIÓN FÍSICA
Extensión 200 p. :
Otras características físicas il. ;
Dimensiones 21 cm.
700 1# - ENTRADA AGREGADA--NOMBRE PERSONAL
Nombre de persona Gómez Casas, Juan.
9 (RLIN) 57863
852 ## - LOCALIZACIÓN
Ubicación ES-MaACL
Número de control de estantería C-52496
Sublocalización o colección R.85500
Holdings
Estatus retirado Estado de pérdida Estado de daño No para préstamo Biblioteca de origen Biblioteca actual Ubicación en estantería Fecha de adquisición Fuente de adquisición Total de préstamos Signatura topográfica completa Código de barras Visto por última vez Precio de reemplazo Tipo de ítem Koha
        Biblioteca del Ateneo de Madrid Biblioteca del Ateneo de Madrid Depósito 2 17/01/2008     C-52496 1062969 23/02/2023 23/02/2023 Libro impreso